Management jakosti s podporou norem ISO 9000:2000 : srpen 2006. ISO verze 3.4 24/06

Saved in:
Bibliographic Details
Main Author: Fiala, Alois (Author)
Format: Book
Language:Czech
Published: Praha : Verlag Dashöfer, 2006
Subjects:
Tags: Add Tag
No Tags, Be the first to tag this record!

MARC

LEADER 00000nam a22000003a 4500
001 stu125356
005 20150617225903.3
008 060904s2006----xr------------------cze-d
040 |a STU  |b slo 
041 0 |a cze 
044 |a xr 
080 |a 658.56 
100 1 |a Fiala, Alois  |4 aut 
245 1 |a Management jakosti s podporou norem ISO 9000:2000 :  |b srpen 2006. ISO verze 3.4 24/06 
260 |a Praha :  |b Verlag Dashöfer,  |c 2006 
300 |a 1 CD 
650 7 |a manažment kvality  |2 stusub 
996 |b 284M073925  |c M*CD-880  |l MMKN  |s A  |a 24  |w stu125356_0001